| 000 | 00324nam a22001097a 4500 | ||
|---|---|---|---|
| 999 |
_c17007 _d17007 |
||
| 008 | 180717b xxu||||| |||| 00| 0 eng d | ||
| 020 | _a1841136691 | ||
| 050 |
_aKZ6795 _b.I73 2008 c.1 |
||
| 245 |
_aThe Iraq War and International Law _cEdited by Phil Shiner and Andrew Williams |
||
| 300 | _axxxiii, 352p. | ||
| 942 |
_2lcc _cBK |
||